000 00369nam a2200145 a 4500
001 507
003 CDMR
005 20130116135155.0
008 130130s2003||||||||||||||||||||||||||||d
040 _aCDMR
_bcat
_cCPC GIRONA
100 1 _aSáez Mateu, Ferran
_9365
245 1 0 _aComunicació i argumentació
_cSáez Mateu, Ferran
260 _c2003
_bPapers d'Estudi
942 _cMON
999 _c507
_d507